[Event "zonal 1.3"]
[Site "Reykjavik ISL"]
[Date "1995.03.??"]
[Round "1"]
[White "Akesson, Ralf"]
[Black "Hansen, Curt"]
[Result "0-1"]
[WhiteElo "2500"]
[BlackElo "2630"]
[EventDate "1995.03.21"]
[PlyCount "154"]

1.Nf3 Nf6 2.c4 c5 3.Nc3 Nc6 4.d4 cxd4 5.Nxd4 e6 6.g3 Qb6 7.Nb3 Ne5 8.e4 
Bb4 9.Qe2 d6 10.f4 Nc6 11.Be3 Bxc3+ 12.bxc3 Qc7 13.Bg2 O-O 14.O-O b6 15.g4
Ba6 16.g5 Nd7 17.Rf3 Rfe8 18.Rh3 Ne7 19.f5 exf5 20.exf5 Bxc4 21.Qh5 Nf8 
22.Nd4 Bd5 23.f6 Bxg2 24.Kxg2 Nd5 25.Bd2 Re5 26.fxg7 Kxg7 27.Rf1 b5 28.
Nf5+ Kh8 29.Nh6 f5 30.Nf7+ Kg8 31.Nxe5 dxe5 32.Rxf5 Ng6 33.Qf3 Rd8 34.Kh1 
Qd7 35.Rh6 Nde7 36.Rxg6+ Nxg6 37.Be1 Qd1 38.Qe4 Qd3 39.Qxd3 Rxd3 40.Kg1 
Rd1 41.Kf1 Ra1 42.Rf2 Nf4 43.Rd2 Kg7 44.Kf2 Kg6 45.Rd7 Nh3+ 46.Ke2 Ng1+ 
47.Kf2 Nh3+ 48.Ke2 Rxa2+ 49.Ke3 Nxg5 50.Bg3 Nf7 51.Rd5 a6 52.Bxe5 Nxe5 53.
Rxe5 h5 54.h4 Ra4 55.Rg5+ Kh6 56.Rd5 Rxh4 57.Rd6+ Kg5 58.Rxa6 Rc4 59.Kd3 
h4 60.Rb6 Rc5 61.Ke2 h3 62.Kf2 Kf4 63.Rh6 Rxc3 64.Rh4+ Kg5 65.Rb4 Rc5 66.
Kg3 Kf6 67.Kxh3 Ke6 68.Kg3 Kd6 69.Kf3 Rc3+ 70.Ke2 Kc5 71.Rh4 b4 72.Kd2 Kb5
73.Rh8 Ka4 74.Rb8 Ka3 75.Rb7 Rc6 76.Rb8 b3 77.Rb7 Kb2 0-1

[Event "zonal 1.3"]
[Site "Reykjavik ISL"]
[Date "1995.03.??"]
[Round "1"]
[White "Agdestein, Simen"]
[Black "Djurhuus, Rune"]
[Result "1-0"]
[WhiteElo "2600"]
[BlackElo "2495"]
[EventDate "1995.03.21"]
[PlyCount "85"]

1.d4 Nf6 2.c4 g6 3.g3 Bg7 4.Bg2 O-O 5.Nf3 d6 6.O-O Nbd7 7.Qc2 e5 8.e4 c6 
9.Rd1 exd4 10.Nxd4 Re8 11.Nc3 Qe7 12.b3 Nc5 13.f3 Nfd7 14.Rb1 a5 15.Nce2 
Ne5 16.Bb2 h5 17.h4 Ne6 18.a4 Nc5 19.Bc3 Kh7 20.Kh1 Bd7 21.Nf4 Bh6 22.Nh3 
Kg8 23.Kh2 Rf8 24.Nf2 Ne6 25.Nxe6 Bxe6 26.c5 Nd7 27.cxd6 Qd8 28.f4 Re8 29.
e5 Nb6 30.Ne4 Bg7 31.Nc5 Bg4 32.Nxb7 Bxd1 33.Rxd1 Qc8 34.Nxa5 Nd5 35.Bxd5 
cxd5 36.Rxd5 Qd7 37.Nc4 Rab8 38.a5 Qc6 39.Rd4 f6 40.d7 Red8 41.Rd6 Qf3 42.
exf6 Rxb3 43.f7+ 1-0

[Event "zonal 1.3"]
[Site "Reykjavik ISL"]
[Date "1995.03.??"]
[Round "1"]
[White "Degerman, Lars"]
[Black "Hjartarson, Johann"]
[Result "1/2-1/2"]
[WhiteElo "2490"]
[BlackElo "2590"]
[EventDate "1995.03.21"]
[PlyCount "50"]

1.Nf3 c5 2.c4 Nc6 3.e3 e6 4.d4 d5 5.a3 a6 6.dxc5 Bxc5 7.b4 Be7 8.Bb2 Bf6 
9.Bxf6 Qxf6 10.Nbd2 Nge7 11.Be2 O-O 12.O-O Rd8 13.Qb3 Bd7 14.Rac1 Be8 15.
Rfd1 Ng6 16.cxd5 exd5 17.Nf1 d4 18.Nxd4 Nxd4 19.Rxd4 Rxd4 20.exd4 Nf4 21.
Bf3 Nh3+ 22.Kh1 Nxf2+ 23.Kg1 Nh3+ 24.Kh1 Nf2+ 25.Kg1 Nh3+ 1/2-1/2

[Event "zonal 1.3"]
[Site "Reykjavik ISL"]
[Date "1995.03.??"]
[Round "1"]
[White "Hansen, Lars Bo"]
[Black "Gausel, Einar"]
[Result "1/2-1/2"]
[WhiteElo "2580"]
[BlackElo "2490"]
[EventDate "1995.03.21"]
[PlyCount "113"]

1.d4 Nf6 2.c4 e6 3.Nf3 d5 4.Nc3 c6 5.e3 Nbd7 6.Bd3 dxc4 7.Bxc4 b5 8.Be2 
Bb7 9.O-O Be7 10.e4 b4 11.e5 bxc3 12.exf6 Nxf6 13.bxc3 O-O 14.Rb1 Qc7 15.
Bf4 Qxf4 16.Rxb7 Nd5 17.c4 Nc3 18.Qc2 Nxe2+ 19.Qxe2 Bf6 20.Qe3 Qd6 21.Rfb1
Rfd8 22.c5 Qd5 23.a4 a5 24.Qf4 h6 25.h3 Rf8 26.Qd6 Rad8 27.Qxd5 Rxd5 28.
Ra7 Bxd4 29.Nxd4 Rxd4 30.Rxa5 Rfd8 31.Ra6 Rd1+ 32.Rxd1 Rxd1+ 33.Kh2 Ra1 
34.h4 h5 35.Kg3 e5 36.Kf3 f5 37.g3 Ra3+ 38.Kg2 Kf7 39.Ra7+ Kf6 40.a5 e4 
41.Ra6 Ke5 42.Rxc6 Rxa5 43.Rg6 Ra7 44.c6 Rc7 45.Kf1 f4 46.Rg5+ Kd4 47.gxf4
Rxc6 48.Rxh5 Rf6 49.f5 Ke5 50.Rh7 Rxf5 51.Rxg7 Rh5 52.Rg5+ Rxg5 53.hxg5 
Kf5 54.Ke2 Kxg5 55.Ke3 Kf5 56.f3 exf3 57.Kxf3 1/2-1/2

[Event "zonal 1.3"]
[Site "Reykjavik ISL"]
[Date "1995.03.??"]
[Round "1"]
[White "Tisdall, Jonathan"]
[Black "Hector, Jonny"]
[Result "1-0"]
[WhiteElo "2470"]
[BlackElo "2540"]
[EventDate "1995.03.21"]
[PlyCount "91"]

1.d4 d5 2.c4 c6 3.Nf3 Nf6 4.Nc3 dxc4 5.a4 Bf5 6.e3 e6 7.Bxc4 Bb4 8.O-O 
Nbd7 9.Qe2 Bg6 10.e4 O-O 11.Bd3 a6 12.Bf4 Qa5 13.Na2 Be7 14.b4 Qd8 15.a5 
Nh5 16.Bd2 f5 17.Rfe1 Re8 18.exf5 exf5 19.Qe6+ Kh8 20.Qc4 Rf8 21.Ne5 Be8 
22.Rad1 Bg5 23.Qc2 Bxd2 24.Qxd2 Qh4 25.Nf3 Qf4 26.Nc3 Qd6 27.Na4 Nf4 28.
Nc5 Bh5 29.Re3 Nxc5 30.bxc5 Qh6 31.Bf1 Rad8 32.Qb2 Rd7 33.Ne5 Re7 34.Rde1 
Qg5 35.Rg3 Qf6 36.Rb3 Bf7 37.Rxb7 Rxb7 38.Qxb7 Bd5 39.Re3 Ne6 40.Nd7 Qf7 
41.Bxa6 Nd8 42.Qc8 Rg8 43.Ne5 Qf6 44.Qd7 f4 45.Re1 Rf8 46.Bc4 1-0

[Event "zonal 1.3"]
[Site "Reykjavik ISL"]
[Date "1995.03.??"]
[Round "1"]
[White "Petursson, Margeir"]
[Black "Ernst, Thomas"]
[Result "1-0"]
[WhiteElo "2535"]
[BlackElo "2465"]
[EventDate "1995.03.21"]
[PlyCount "155"]

1.d4 Nf6 2.c4 g6 3.Nc3 d5 4.cxd5 Nxd5 5.e4 Nxc3 6.bxc3 Bg7 7.Nf3 c5 8.Rb1 
O-O 9.Be2 cxd4 10.cxd4 Qa5+ 11.Bd2 Qxa2 12.O-O Nd7 13.Bb4 a5 14.Ra1 Qe6 
15.Qc2 Nf6 16.Ne5 Nd7 17.Nf3 Nf6 18.Ne5 Nd7 19.Bc4 Qf6 20.f4 Qb6 21.Bxe7 
Bxe5 22.fxe5 Qxd4+ 23.Kh1 Nxe5 24.Bd5 Bg4 25.Bc5 Qd3 26.Qb2 Nd7 27.Bxf8 
Rxf8 28.h3 Bh5 29.Qf2 Kg7 30.Rxa5 f5 31.Qb2+ Nf6 32.Rc1 Kh6 33.Ra3 Qe2 34.
Qxe2 Bxe2 35.Bxb7 fxe4 36.Kg1 Bd3 37.Ba6 Bxa6 38.Rxa6 Nh5 39.Re1 Re8 40.
Kf2 Kg5 41.g4 Nf4 42.Kg3 Nd3 43.h4+ Kh6 44.Ra7 g5 45.Rb1 gxh4+ 46.Kxh4 Nf4
47.Rbb7 Ng6+ 48.Kg3 Nf8 49.Re7 Rb8 50.Rxe4 Rb3+ 51.Kf2 Ng6 52.Ra5 Rb7 53.
Re3 Kg7 54.Kg3 Rc7 55.Rea3 Kh6 56.Ra7 Rc1 57.Rf3 Rg1+ 58.Kh3 Rh1+ 59.Kg3 
Rg1+ 60.Kh3 Rh1+ 61.Kg2 Rb1 62.Rfa3 Kg5 63.Rxh7 Rb4 64.Kh3 Nf4+ 65.Kg3 
Ne2+ 66.Kf2 Nd4 67.Rg7+ Kf4 68.Kg2 Rb2+ 69.Kh3 Ne6 70.Rf7+ Kg5 71.Rf5+ Kg6
72.Ra6 Re2 73.Rb5 Re1 74.Rbb6 Kf6 75.Rxe6+ Rxe6 76.Rxe6+ Kxe6 77.Kh4 Kf6 
78.Kh5 1-0

[Event "zonal 1.3"]
[Site "Reykjavik ISL"]
[Date "1995.03.??"]
[Round "1"]
[White "Hansen, Sune Berg"]
[Black "Stefansson, Hannes Hlifar"]
[Result "1-0"]
[WhiteElo "2460"]
[BlackElo "2530"]
[EventDate "1995.03.21"]
[PlyCount "75"]

1.e4 e5 2.Nf3 Nc6 3.Nc3 Nf6 4.Bb5 Bb4 5.O-O O-O 6.d3 d6 7.Bg5 Bxc3 8.bxc3 
Bd7 9.Re1 a6 10.Bc4 Na5 11.Bb3 Nxb3 12.axb3 h6 13.Bh4 Qe7 14.d4 Bc6 15.Nd2
Rfe8 16.Re3 g5 17.Bg3 Qf8 18.Qe2 Qg7 19.dxe5 dxe5 20.Ra5 Bb5 21.c4 b6 22.
Ra1 Bc6 23.b4 Qg6 24.f3 Nh5 25.Rea3 Bb7 26.b5 Nxg3 27.hxg3 axb5 28.Rxa8 
Bxa8 29.cxb5 Qd6 30.Kh2 Bb7 31.Nc4 Qd7 32.Ra7 Qc8 33.Qe3 Qb8 34.Qa3 g4 35.
Ne3 gxf3 36.gxf3 Kh7 37.Nf5 Re6 38.Rxb7 1-0

[Event "zonal 1.3"]
[Site "Reykjavik ISL"]
[Date "1995.03.??"]
[Round "1"]
[White "Olafsson, Helgi"]
[Black "Torhallsson, Trostur"]
[Result "1-0"]
[WhiteElo "2520"]
[BlackElo "2420"]
[EventDate "1995.03.21"]
[PlyCount "46"]

1.Nf3 d5 2.d4 Nf6 3.c4 dxc4 4.e3 e6 5.Bxc4 c5 6.O-O a6 7.Bd3 Nc6 8.Nc3 Be7
9.a3 cxd4 10.exd4 O-O 11.Re1 b5 12.Bc2 Bb7 13.Qd3 g6 14.Bh6 Re8 15.Rad1 
Qd6 16.b4 Rac8 17.Bb3 a5 18.d5 exd5 19.Nxd5 Nxd5 20.Bxd5 Nd8 21.Qd4 Bf8 
22.Rxe8 Ne6 23.Rxf8+ Rxf8 1-0

[Event "zonal 1.3"]
[Site "Reykjavik ISL"]
[Date "1995.03.??"]
[Round "1"]
[White "Sammalvuo, Tapani"]
[Black "Cramling, Pia"]
[Result "0-1"]
[WhiteElo "2390"]
[BlackElo "2520"]
[EventDate "1995.03.21"]
[PlyCount "98"]

1.e4 c5 2.Nf3 e6 3.d4 cxd4 4.Nxd4 Nc6 5.Nb5 d6 6.c4 Nf6 7.N1c3 a6 8.Na3 
Be7 9.Be2 O-O 10.O-O b6 11.Be3 Bb7 12.Qb3 Nd7 13.Rfd1 Nc5 14.Qc2 Bf6 15.
Rac1 Bxc3 16.Qxc3 Nxe4 17.Qb3 Rb8 18.Bxb6 Qe7 19.Qe3 Ba8 20.Qxe4 Rxb6 21.
b3 Qg5 22.Qe3 Qc5 23.Bf3 Ne5 24.Bxa8 Rxa8 25.Qxc5 dxc5 26.f4 Nc6 27.Rd6 
Rab8 28.Rcd1 Kf8 29.Nb1 Nd4 30.Rxb6 Rxb6 31.Nc3 Rc6 32.Kf2 Ke7 33.Ne4 Nf5 
34.Rd3 Nd6 35.Nxd6 Rxd6 36.Ke3 Rxd3+ 37.Kxd3 a5 38.Ke3 h5 39.Kf3 Kd6 40.
Ke3 f6 41.g3 g6 42.Ke4 Ke7 43.h3 Kd6 44.a3 h4 45.gxh4 f5+ 46.Kd3 e5 47.Ke3
Ke6 48.Kf3 e4+ 49.Ke3 a4 0-1

[Event "zonal 1.3"]
[Site "Reykjavik ISL"]
[Date "1995.03.??"]
[Round "1"]
[White "Mortensen, Erling"]
[Black "Manninen, Marko"]
[Result "1-0"]
[WhiteElo "2500"]
[BlackElo "2365"]
[EventDate "1995.03.21"]
[PlyCount "71"]

1.e4 e6 2.d4 d5 3.Nc3 Nf6 4.e5 Nfd7 5.Nf3 c5 6.Bb5 a6 7.Bxd7+ Bxd7 8.Be3 
cxd4 9.Qxd4 Nc6 10.Qf4 Be7 11.Qg3 g6 12.O-O Na5 13.Bh6 Qb6 14.b3 Rc8 15.
Ne2 Rxc2 16.Ned4 Rc3 17.Qf4 Rd3 18.Rfd1 Rxd1+ 19.Rxd1 Rg8 20.Ng5 Bxg5 21.
Bxg5 Nc6 22.Nxc6 Bxc6 23.Qf6 Qc7 24.h4 h6 25.Bxh6 Qd8 26.Qf4 Qc7 27.Bg5 f5
28.Qb4 Rg7 29.Bf6 Rf7 30.Rd3 a5 31.Qd2 Rh7 32.Rg3 d4 33.Rxg6 Qf7 34.Rg3 
Qh5 35.Qxa5 Rd7 36.Qa8+ 1-0

[Event "zonal 1.3"]
[Site "Reykjavik ISL"]
[Date "1995.03.??"]
[Round "2"]
[White "Hjartarson, Johann"]
[Black "Hansen, Lars Bo"]
[Result "0-1"]
[WhiteElo "2590"]
[BlackElo "2580"]
[EventDate "1995.03.21"]
[PlyCount "65"]

1.e4 e6 2.d4 d5 3.Nc3 Bb4 4.e5 c5 5.a3 Ba5 6.b4 cxd4 7.Qg4 Ne7 8.bxa5 dxc3
9.Qxg7 Rg8 10.Qxh7 Nbc6 11.Nf3 Qc7 12.Bf4 Bd7 13.Bd3 O-O-O 14.O-O Rh8 15.
Qg7 Rdg8 16.Qf6 d4 17.Bg3 Nd5 18.Qxf7 Nd8 19.Qxg8 Rxg8 20.a6 Qc5 21.axb7+ 
Nxb7 22.Rfd1 Bc6 23.Bf1 Rg4 24.Rab1 Na5 25.Ba6+ Kc7 26.Rd3 Ba4 27.h3 Bxc2 
28.Rb5 Qxa3 29.Rxd4 Rxg3 30.fxg3 Bb3 31.Ng5 Qc1+ 32.Kh2 Qxg5 33.Rxa5 0-1

[Event "zonal 1.3"]
[Site "Reykjavik ISL"]
[Date "1995.03.??"]
[Round "2"]
[White "Hansen, Curt"]
[Black "Mortensen, Erling"]
[Result "1/2-1/2"]
[WhiteElo "2630"]
[BlackElo "2500"]
[EventDate "1995.03.21"]
[PlyCount "98"]

1.c4 c5 2.Nf3 Nf6 3.Nc3 b6 4.e4 Bb7 5.e5 Nh5 6.d4 cxd4 7.Nxd4 g6 8.Be3 Nc6
9.Nxc6 Bxc6 10.Qd2 Bg7 11.f4 f6 12.exf6 Nxf6 13.Bd4 O-O 14.Bd3 Bh6 15.O-O 
Qc7 16.Nb5 Qb7 17.Qe2 Be4 18.Rae1 Bxd3 19.Qxd3 e6 20.b3 Qc6 21.a4 Nh5 22.
g3 Bg7 23.Rd1 Bxd4+ 24.Qxd4 Nf6 25.Rfe1 a6 26.Nd6 Rad8 27.Rd3 Ne8 28.Nxe8 
Rfxe8 29.Qd6 Qc5+ 30.Qxc5 bxc5 31.Rd6 Rb8 32.Re3 Rb7 33.Rxa6 Reb8 34.Rd6 
Rxb3 35.Rxb3 Rxb3 36.Rxd7 Rb4 37.a5 Ra4 38.Kf2 Rxa5 39.Ke3 Ra4 40.Ke4 
Rxc4+ 41.Ke5 Rd4 42.Rc7 Rd5+ 43.Kxe6 Rf5 44.Kd6 Rf6+ 45.Kxc5 g5 46.Kd5 
gxf4 47.Ke5 Rh6 48.gxf4 Rxh2 49.f5 Rh6 1/2-1/2

[Event "zonal 1.3"]
[Site "Reykjavik ISL"]
[Date "1995.03.??"]
[Round "2"]
[White "Cramling, Pia"]
[Black "Agdestein, Simen"]
[Result "1-0"]
[WhiteElo "2520"]
[BlackElo "2600"]
[EventDate "1995.03.21"]
[PlyCount "81"]

1.d4 Nf6 2.c4 e6 3.Nf3 b6 4.a3 Bb7 5.Nc3 d5 6.cxd5 Nxd5 7.Bd2 Be7 8.Qc2 
O-O 9.e4 Nxc3 10.Bxc3 Nd7 11.Rd1 Qc8 12.Bd3 c5 13.d5 c4 14.Be2 exd5 15.
exd5 Bf6 16.O-O Re8 17.Rfe1 b5 18.Nd4 Qc5 19.Bb4 Qb6 20.Nf5 Nc5 21.Ng3 Be5
22.Bf1 Rad8 23.Bc3 f6 24.Re3 Bxd5 25.Rde1 Nd7 26.Qd2 Bf7 27.Ba5 Qd4 28.Qe2
Nb6 29.Bc3 Qd5 30.Nf5 Bxc3 31.Rxe8+ Rxe8 32.Qg4 Qxf5 33.Rxe8+ Bxe8 34.Qxf5
Bxb2 35.Qe6+ Bf7 36.Qc6 Bxa3 37.Qxb5 g6 38.Qa5 Bd6 39.Qxa7 Bc5 40.Qc7 Na4 
41.Qc6 1-0

[Event "zonal 1.3"]
[Site "Reykjavik ISL"]
[Date "1995.03.??"]
[Round "2"]
[White "Tisdall, Jonathan"]
[Black "Petursson, Margeir"]
[Result "1/2-1/2"]
[WhiteElo "2470"]
[BlackElo "2535"]
[EventDate "1995.03.21"]
[PlyCount "89"]

1.Nf3 Nf6 2.c4 c6 3.d4 d5 4.Nc3 dxc4 5.a4 Bf5 6.e3 e6 7.Bxc4 Bb4 8.O-O O-O
9.Nh4 Bg4 10.f3 Bh5 11.g4 Bg6 12.Nxg6 hxg6 13.e4 c5 14.g5 Nh5 15.Na2 Qa5 
16.d5 e5 17.Nxb4 cxb4 18.Be3 Nd7 19.Qd2 Rac8 20.Rfc1 Rfd8 21.Bb5 Rxc1+ 22.
Rxc1 a6 23.Bxd7 Rxd7 24.b3 Rc7 25.Rxc7 Qxc7 26.d6 Qd7 27.Qd5 Nf4 28.Bxf4 
exf4 29.Kg2 Kf8 30.Qc5 Ke8 31.Qxb4 Qc6 32.Qd2 Kd7 33.e5 Qc5 34.Qxf4 Qc2+ 
35.Kg3 Qxb3 36.Qg4+ Kd8 37.Qd4 Qb1 38.Qc5 Kd7 39.Qc7+ Ke6 40.Qe7+ Kf5 41.
Qxf7+ Kxe5 42.Qe7+ Kd5 43.d7 Qg1+ 44.Kf4 Qc1+ 45.Kg3 1/2-1/2

[Event "zonal 1.3"]
[Site "Reykjavik ISL"]
[Date "1995.03.??"]
[Round "2"]
[White "Hector, Jonny"]
[Black "Ernst, Thomas"]
[Result "1-0"]
[WhiteElo "2540"]
[BlackElo "2465"]
[EventDate "1995.03.21"]
[PlyCount "103"]

1.e4 e5 2.Nc3 Nf6 3.Nf3 Nc6 4.g3 Bc5 5.Bg2 d6 6.d3 O-O 7.O-O a6 8.Be3 Nd4 
9.Bxd4 Bxd4 10.Nxd4 exd4 11.Ne2 c5 12.c3 dxc3 13.Nxc3 Qb6 14.Qd2 Bd7 15.
Rad1 Rac8 16.Rfe1 Rfd8 17.Re2 Bc6 18.d4 cxd4 19.Qxd4 Qxd4 20.Rxd4 Kf8 21.
Red2 Ke7 22.Nd1 g6 23.Ne3 Bb5 24.f4 Rc1+ 25.Kf2 Bc6 26.g4 Ne8 27.g5 Nc7 
28.f5 Nb5 29.R4d3 Rc5 30.h4 a5 31.f6+ Kf8 32.a4 Nc7 33.Rxd6 Rxd6 34.Rxd6 
Bxa4 35.Rd8+ Ne8 36.Bh3 Rb5 37.Bd7 Rxb2+ 38.Kf3 Bxd7 39.Rxd7 a4 40.Rd8 Rb6
41.Nc4 Re6 42.Rb8 h6 43.Kf4 hxg5+ 44.hxg5 b5 45.Ne5 a3 46.Nd7+ Kg8 47.Nc5 
a2 48.Nxe6 a1=Q 49.Rxe8+ Kh7 50.Nf8+ Kg8 51.Nxg6+ Kh7 52.Rh8+ 1-0

[Event "zonal 1.3"]
[Site "Reykjavik ISL"]
[Date "1995.03.??"]
[Round "2"]
[White "Hansen, Sune Berg"]
[Black "Olafsson, Helgi"]
[Result "1-0"]
[WhiteElo "2460"]
[BlackElo "2520"]
[EventDate "1995.03.21"]
[PlyCount "39"]

1.d4 Nf6 2.Bg5 Ne4 3.Bf4 d5 4.f3 Nf6 5.e4 dxe4 6.Nc3 exf3 7.Nxf3 Bg4 8.h3 
Bxf3 9.Qxf3 c6 10.O-O-O e6 11.Bc4 Be7 12.Kb1 O-O 13.h4 Nd5 14.Ne4 b5 15.
Bd3 Nd7 16.Ng5 N7f6 17.Be5 a5 18.Rdf1 a4 19.Bxh7+ Nxh7 20.Qh5 1-0

[Event "zonal 1.3"]
[Site "Reykjavik ISL"]
[Date "1995.03.??"]
[Round "2"]
[White "Gausel, Einar"]
[Black "Degerman, Lars"]
[Result "1-0"]
[WhiteElo "2490"]
[BlackElo "2490"]
[EventDate "1995.03.21"]
[PlyCount "70"]

1.Nf3 d5 2.c4 dxc4 3.e3 Nf6 4.Bxc4 e6 5.O-O c5 6.b3 Nc6 7.Bb2 Be7 8.Nc3 
O-O 9.Rc1 b6 10.Qe2 Bb7 11.Rfd1 Rc8 12.d4 cxd4 13.Nb5 Bc5 14.a3 a5 15.exd4
Be7 16.Ng5 Nb8 17.Nxe6 fxe6 18.Bxe6+ Rf7 19.Rxc8 Bxc8 20.d5 Qf8 21.h3 Bd7 
22.a4 Bc5 23.Bxf7+ Qxf7 24.Nc7 Bf5 25.Ne6 Nbd7 26.Bd4 Bb4 27.Rc1 h6 28.Rc7
Nxd5 29.Rc8+ Nf8 30.Nd8 Qe7 31.Qxe7 Bxe7 32.Rb8 Bc2 33.Ne6 Kf7 34.Nxg7 
Bxb3 35.Nf5 Bxa4 1-0

[Event "zonal 1.3"]
[Site "Reykjavik ISL"]
[Date "1995.03.??"]
[Round "2"]
[White "Stefansson, Hannes Hlifar"]
[Black "Torhallsson, Trostur"]
[Result "1/2-1/2"]
[WhiteElo "2530"]
[BlackElo "2420"]
[EventDate "1995.03.21"]
[PlyCount "39"]

1.c4 e6 2.Nc3 d5 3.d4 Nf6 4.Bg5 c6 5.e3 Nbd7 6.a3 Be7 7.Nf3 O-O 8.Qc2 a6 
9.Bd3 h6 10.Bf4 dxc4 11.Bxc4 b5 12.Ba2 Bb7 13.Rd1 Qb6 14.Ne5 Rfd8 15.O-O 
c5 16.Nxd7 Rxd7 17.dxc5 Qxc5 18.Rxd7 Nxd7 19.Rd1 Nf6 20.Bb1 1/2-1/2

[Event "zonal 1.3"]
[Site "Reykjavik ISL"]
[Date "1995.03.??"]
[Round "2"]
[White "Djurhuus, Rune"]
[Black "Sammalvuo, Tapani"]
[Result "1-0"]
[WhiteElo "2495"]
[BlackElo "2390"]
[EventDate "1995.03.21"]
[PlyCount "99"]

1.d4 Nf6 2.c4 e6 3.Nc3 Bb4 4.e3 c5 5.Bd3 Nc6 6.Ne2 cxd4 7.exd4 d5 8.cxd5 
Nxd5 9.O-O O-O 10.Bc2 Nce7 11.Qd3 Ng6 12.a3 Be7 13.Re1 Nf6 14.Bg5 Bd7 15.
Rad1 Bc6 16.h4 Re8 17.Qh3 Nd5 18.Bxe7 Qxe7 19.Nxd5 Bxd5 20.h5 Nf8 21.Nf4 
Qg5 22.Qh2 Bc6 23.Re3 h6 24.Nd3 Rac8 25.Bb3 Bd5 26.Ba4 Bc6 27.Rg3 Qd8 28.
Bxc6 Rxc6 29.Ne5 Rd6 30.Rg4 f5 31.Rh4 Qf6 32.Rh3 Red8 33.Qf4 Qg5 34.Qe3 
Qxe3 35.fxe3 Rc8 36.Rf3 Rc2 37.Rf2 Rc8 38.Rff1 Nh7 39.Rc1 Rdd8 40.Ng6 Kf7 
41.g4 Nf6 42.gxf5 Nxh5 43.fxe6+ Kxe6 44.Kf2 Nf6 45.Ke2 Ne4 46.Rxc8 Rxc8 
47.Kd3 Nd6 48.e4 Nc4 49.d5+ Kd6 50.Kd4 1-0

[Event "zonal 1.3"]
[Site "Reykjavik ISL"]
[Date "1995.03.??"]
[Round "2"]
[White "Manninen, Marko"]
[Black "Akesson, Ralf"]
[Result "1/2-1/2"]
[WhiteElo "2365"]
[BlackElo "2500"]
[EventDate "1995.03.21"]
[PlyCount "81"]

1.d4 e6 2.c4 f5 3.g3 Nf6 4.Bg2 Bb4+ 5.Nd2 O-O 6.Nf3 d6 7.O-O Bxd2 8.Bxd2 
Qe7 9.Qb3 Kh8 10.Qa3 Ne4 11.Be3 Nd7 12.Nd2 e5 13.Nxe4 fxe4 14.Rad1 exd4 
15.Bxd4 c5 16.Be3 Ne5 17.Bf4 Bg4 18.f3 Nxc4 19.Qc3 exf3 20.exf3 Be6 21.b3 
Ne5 22.Bxe5 dxe5 23.Qxe5 Rfe8 24.f4 Rac8 25.f5 Bg8 26.Qxe7 Rxe7 27.Rfe1 
Rxe1+ 28.Rxe1 b5 29.Bb7 Rb8 30.Re7 c4 31.bxc4 bxc4 32.Kf2 c3 33.Ke3 Bxa2 
34.Kd3 Bb1+ 35.Kxc3 Bxf5 36.Ba6 Ra8 37.Bb7 Rf8 38.Ba6 Ra8 39.Bb7 Rd8 40.
Ba6 h6 41.Rxa7 1/2-1/2

[Event "zonal 1.3"]
[Site "Reykjavik ISL"]
[Date "1995.03.??"]
[Round "3"]
[White "Hansen, Lars Bo"]
[Black "Hansen, Curt"]
[Result "0-1"]
[WhiteElo "2580"]
[BlackElo "2630"]
[EventDate "1995.03.21"]
[PlyCount "72"]

1.Nf3 Nf6 2.c4 c5 3.Nc3 Nc6 4.g3 g6 5.Bg2 d5 6.cxd5 Nxd5 7.d3 Bg7 8.Bd2 
O-O 9.Qc1 e5 10.Nxd5 Qxd5 11.h4 Bg4 12.Kf1 Rfe8 13.Be3 Qd7 14.Ng5 Rac8 15.
h5 c4 16.hxg6 hxg6 17.dxc4 Nd4 18.Bd5 Bxe2+ 19.Kg1 Re7 20.b3 b5 21.Qb1 
bxc4 22.Qxg6 Bd3 23.Ne4 Ne2+ 24.Kh2 Bxe4 25.Qxe4 Nc3 26.Qh4 Nxd5 27.Rad1 
cxb3 28.Kg1 Qf5 29.Rxd5 b2 30.Kh2 Rb7 31.g4 Qg6 32.Rd8+ Rxd8 33.Qxd8+ Bf8 
34.Kg3 b1=Q 35.Rh8+ Kxh8 36.Qxf8+ Kh7 0-1

[Event "zonal 1.3"]
[Site "Reykjavik ISL"]
[Date "1995.03.??"]
[Round "3"]
[White "Agdestein, Simen"]
[Black "Hector, Jonny"]
[Result "0-1"]
[WhiteElo "2600"]
[BlackElo "2540"]
[EventDate "1995.03.21"]
[PlyCount "74"]

1.d4 d5 2.c4 c6 3.Nc3 Nf6 4.Nf3 e6 5.Bg5 dxc4 6.e4 b5 7.e5 h6 8.Bh4 g5 9.
Nxg5 hxg5 10.Bxg5 Nbd7 11.exf6 Qa5 12.Be2 Bb7 13.O-O O-O-O 14.Qc1 Bd6 15.
h4 c5 16.dxc5 Bb8 17.Rd1 Qc7 18.Bf3 Bxf3 19.gxf3 Qh2+ 20.Kf1 Ne5 21.Qe3 
Rd3 22.Qe4 Rxf3 23.Rd2 Qh1+ 24.Ke2 Qxa1 25.Nxb5 Rd3 26.b4 Rxd2+ 27.Bxd2 
Qg1 28.Bf4 Qg4+ 29.Ke3 Qf5 30.Bxe5 Qxe5 31.Nxa7+ Kd7 32.c6+ Kd6 33.Qxe5+ 
Kxe5 34.Nb5 Rc8 35.f4+ Kd5 36.Nc3+ Kxc6 37.a4 Rd8 0-1

[Event "zonal 1.3"]
[Site "Reykjavik ISL"]
[Date "1995.03.??"]
[Round "3"]
[White "Akesson, Ralf"]
[Black "Hjartarson, Johann"]
[Result "0-1"]
[WhiteElo "2500"]
[BlackElo "2590"]
[EventDate "1995.03.21"]
[PlyCount "69"]

1.d4 Nf6 2.c4 e6 3.Nf3 b6 4.g3 Ba6 5.b3 Bb7 6.Bg2 Bb4+ 7.Bd2 c5 8.O-O O-O 
9.Bxb4 cxb4 10.Nbd2 d6 11.e3 Nc6 12.Nh4 Rc8 13.f4 d5 14.g4 dxc4 15.bxc4 
Ne8 16.g5 Nd6 17.Rc1 Rc7 18.Qa4 h6 19.Nhf3 Nf5 20.Rce1 hxg5 21.Nxg5 Nxe3 
22.Rxe3 Qxd4 23.Qb3 Qxd2 24.Ne4 Qd8 25.Rh3 Qd4+ 26.Kh1 Na5 27.Qc2 Bxe4 28.
Bxe4 Rfc8 29.Rd1 Qf6 30.Qd2 Nxc4 31.Bh7+ Kf8 32.Qxb4+ Rc5 33.Bd3 a5 34.Qb3
Qxf4 35.Rf1 0-1

[Event "zonal 1.3"]
[Site "Reykjavik ISL"]
[Date "1995.03.??"]
[Round "3"]
[White "Petursson, Margeir"]
[Black "Gausel, Einar"]
[Result "1-0"]
[WhiteElo "2535"]
[BlackElo "2490"]
[EventDate "1995.03.21"]
[PlyCount "57"]

1.c4 e5 2.Nc3 d6 3.g3 Nc6 4.Bg2 g6 5.e3 Bg7 6.Nge2 h5 7.d4 h4 8.d5 h3 9.
Bf1 Nce7 10.e4 f5 11.Ng1 f4 12.gxf4 exf4 13.Bxf4 Nf6 14.Qd2 Rh5 15.O-O-O 
Kf7 16.Nf3 Bg4 17.Ng5+ Rxg5 18.Bxg5 Bxd1 19.Qxd1 Qd7 20.Rg1 Rh8 21.Qf3 Rh5
22.Kc2 Ng8 23.Bd3 Kf8 24.e5 dxe5 25.Bxg6 Rh8 26.Ne4 Qa4+ 27.Kb1 Ke7 28.Qf5
Rh6 29.Qe6+ 1-0

[Event "zonal 1.3"]
[Site "Reykjavik ISL"]
[Date "1995.03.??"]
[Round "3"]
[White "Degerman, Lars"]
[Black "Stefansson, Hannes Hlifar"]
[Result "0-1"]
[WhiteElo "2490"]
[BlackElo "2530"]
[EventDate "1995.03.21"]
[PlyCount "50"]

1.Nf3 d5 2.c4 c6 3.d4 Nf6 4.Nc3 e6 5.e3 Nbd7 6.Qc2 Bd6 7.g4 dxc4 8.Bxc4 
Nd5 9.Ne4 Be7 10.Bd2 b6 11.O-O-O Bb7 12.Kb1 Qc7 13.Rhg1 a5 14.Rc1 c5 15.
dxc5 bxc5 16.Bb5 O-O 17.Bxd7 Qxd7 18.Nxc5 Bxc5 19.Qxc5 Nf6 20.g5 Bxf3 21.
gxf6 Be4+ 22.Ka1 Qxd2 23.Rxg7+ Kh8 24.b3 a4 25.bxa4 Rfb8 0-1

[Event "zonal 1.3"]
[Site "Reykjavik ISL"]
[Date "1995.03.??"]
[Round "3"]
[White "Olafsson, Helgi"]
[Black "Djurhuus, Rune"]
[Result "1/2-1/2"]
[WhiteElo "2520"]
[BlackElo "2495"]
[EventDate "1995.03.21"]
[PlyCount "89"]

1.e4 c5 2.Nf3 d6 3.d4 cxd4 4.Nxd4 Nf6 5.Nc3 a6 6.Bc4 e6 7.Bb3 b5 8.O-O Be7
9.Qf3 Qb6 10.Be3 Qb7 11.Qg3 b4 12.Na4 Nbd7 13.f3 O-O 14.c3 bxc3 15.Nxc3 
Nc5 16.Rad1 Kh8 17.Rd2 Nxb3 18.Nxb3 a5 19.Nd4 Bd7 20.a4 Rfc8 21.Ndb5 Ne8 
22.Qf2 Rc4 23.b3 Rc6 24.Rfd1 Kg8 25.Rd3 Rac8 26.h3 Kf8 27.f4 Ra6 28.e5 d5 
29.f5 Kg8 30.fxe6 Rxe6 31.Nxd5 Bxb5 32.axb5 Qxb5 33.Qf5 Bf8 34.Rf1 Qb7 35.
Bg5 g6 36.Qe4 Rc7 37.Qf4 Rd7 38.Rfd1 Qb5 39.Kh1 Bg7 40.Bf6 Nxf6 41.exf6 
Bxf6 42.Qxf6 Rxd5 43.Rxd5 Qxd5 44.Qxf7+ Kxf7 45.Rxd5 1/2-1/2

[Event "zonal 1.3"]
[Site "Reykjavik ISL"]
[Date "1995.03.??"]
[Round "3"]
[White "Cramling, Pia"]
[Black "Hansen, Sune Berg"]
[Result "1/2-1/2"]
[WhiteElo "2520"]
[BlackElo "2460"]
[EventDate "1995.03.21"]
[PlyCount "84"]

1.d4 d5 2.c4 e6 3.Nc3 Nf6 4.Bg5 Be7 5.Nf3 O-O 6.Qc2 c5 7.dxc5 dxc4 8.e4 
Nc6 9.Rd1 Qa5 10.Bxc4 Qxc5 11.Qe2 Ng4 12.Bxe7 Nxe7 13.O-O Ng6 14.Bb3 b6 
15.h3 N4e5 16.Nxe5 Nxe5 17.Rc1 Qa5 18.Rfd1 Ba6 19.Qe3 Rad8 20.Rd2 Rxd2 21.
Qxd2 Nd3 22.Rd1 Qe5 23.Qc2 Nc5 24.Qd2 g5 25.Qd6 Qxd6 26.Rxd6 Rc8 27.Bc2 
Rc7 28.f3 h6 29.Kf2 Kf8 30.g3 Ke7 31.Rd2 Nb7 32.Bd3 Bxd3 33.Rxd3 a6 34.Ke2
b5 35.Rd2 Nd6 36.Rc2 Rc8 37.a3 Kd7 38.Rd2 Ke7 39.Rc2 Nc4 40.Na2 Kd7 41.Nb4
a5 42.Na2 Rc6 1/2-1/2

[Event "zonal 1.3"]
[Site "Reykjavik ISL"]
[Date "1995.03.??"]
[Round "3"]
[White "Mortensen, Erling"]
[Black "Tisdall, Jonathan"]
[Result "1/2-1/2"]
[WhiteElo "2500"]
[BlackElo "2470"]
[EventDate "1995.03.21"]
[PlyCount "83"]

1.e4 c5 2.Nf3 d6 3.d4 cxd4 4.Nxd4 Nf6 5.Nc3 g6 6.Be3 Bg7 7.f3 Nc6 8.Qd2 
O-O 9.O-O-O d5 10.Qe1 e6 11.h4 Qe7 12.h5 dxe4 13.Nxc6 bxc6 14.Qh4 Rb8 15.
Rd4 Qb7 16.b3 exf3 17.Ne4 Nxe4 18.hxg6 h6 19.gxf7+ Qxf7 20.Rxe4 fxg2 21.
Bxg2 Qf6 22.Qxf6 Rxf6 23.Ra4 e5 24.Rxa7 Bg4 25.Re7 Ra8 26.a4 Bf5 27.Rg1 
Rg6 28.Bxc6 Rxc6 29.Rgxg7+ Kh8 30.Rc7 Rxc2+ 31.Rxc2 Kxg7 32.Rc7+ Kf6 33.
Bxh6 Rc8 34.Rxc8 Bxc8 35.Kb2 Ke7 36.Kc3 Kd6 37.b4 Bd7 38.Bf8+ Kc7 39.b5 
Kb7 40.Bd6 e4 41.Bc5 Bg4 42.Kd2 1/2-1/2